000 00630nam a2200253Ia 4500
003 OSt
005 20221007105414.0
006 a|||||r|||| 00| 0
007 ta
008 221006b |||||||| |||| 00| 0 eng d
024 _a18,478
037 _cTextual
040 _aLCO
_cLCO
_beng
041 _2eng
_aeng
082 _aZ2,2675, K6
100 _aKerlys
_9706589
245 0 _aLaw of Trade Marks and Trade Names
250 _a9th
260 _aLondon
_bSweet & Maxwell India
_c1966
300 _a761
650 _aTRADE MARKS
942 _hZ2,2675, K6
_cTEXL
999 _c1188041
_d1188041